000 01074nam a2200205Ia 4500
003 Ost
005 20260507075453.0
008 260507s9999||||xx |||||||||||||| ||und||
040 _cfsecg
041 _aara
082 _a657.42
100 _aالقباني، ثناءعلي
_eمؤلف
245 0 _aقياس و تخصيص محاسبة التكاليف و نظم ادارة التكلفة /
_c ثناءعلي القباني
260 _aالاسكندرية:
_bالدار الجامعية,
_c2006
300 _a487 صفحة؛
_bإيضاحات ؛
_c24 سم
520 _aيتضمن الكتاب مايلي : قياس و تخصيص محاسبة التكاليف ونظم ادارة التكلفة /المفاهيم الاساسية لمحاسبة التكاليف /محاسبة تكاليف الاوامر /تحديد سلوك التكاليف /تخصيص التكلفة/ تكاليف المراحل التالف و اعادة التشغيل و الخردة
653 _aتخصيص نظم الادارة
653 _aمحاسبة التكاليف
942 _cكتاب
999 _c44649
_d44649